Donde termina el camino

Guardat en:
Dades bibliogràfiques
Autor principal: Updike, John
Format: Llibre
Idioma:Undetermined
Publicat: Barcelona, España Bruguera 1982
Matèries:
Etiquetes: Afegir etiqueta
Sense etiquetes, Sigues el primer a etiquetar aquest registre!

MARC

LEADER 00000nam a2200000Ia 4500
008 170316s9999 xx 000 0 und d
040 |a cru BVZT 
090 |a 810 U-27d 
100 |a Updike, John 
245 |a Donde termina el camino 
260 |a Barcelona, España 
260 |b Bruguera 
260 |c 1982 
300 |a 216 páginas 
650 |a LITERATURA ESTADOUNIDENSE 
999 |c 6220  |d 6220 
942 |c 15 D  |h 810 U-27d  |2 z